1281 1055 1427 1260 1056 1499 1311 1963 1885 1514 1308 1618 1059 1299 1316 1586 1962 1121 1894 1699 1938 1609 1138 1722 1788 1048 1781 1978 1388 1138 1019 1302 1365 1369 1805 1208 1266 1991 1389 1426 1949 1273 1141 1569 1528 1234 1431 1528 1960 1055 1965 1507 1081 1635 1210 1647 1535 1887 1171 1205 1162 1246 1976 1390 1671 1700 1709 1866 1705 1260 1561 1072 1828 1772 1414 1698 1417 1171 1719 1329 1006 1024 1236 1506 1390 1855 1674 1046 1887 1501 1796 1879 1143 1606 1610 1251 1964 1331 1165 BCNSPRNW ULIB Ver.6.0+V

เปลี่ยนเป็นภาษาไทย

Change to English
 แสดงรายละเอียดบรรณานุกรม
  กลับหน้าหลัก

Brief Record : Get Marc (ISO 2709) : E-mail record : QR code < ปิดหน้าต่าง
LEADER : 00000nam 2200000uu 4500
001    13399125782
003     ULIB
008    170905s2559||||th 000 0 tha d
020    ^a9786162799426
060  4 ^aWY 160^bก492
245 00 ^aการพยาบาลจิตเวชศาสตร์ =^bPsychiatric nursing /^cบรรณาธิการ, ยาใจ สิทธิมงคล ... [และคนอื่น ๆ]
246 31 ^aPsychiatric nursing
250    ^aพิมพ์ครั้งที่ 2, ฉบับปรับปรุงครั้งที่ 1
260    ^aนครปฐม :^bภาควิชาสุขภาพจิตและการพยาบาลจิตเวชศาสตร์ คณะพยาบาลศาสตร์ มหาวิทยาลัยมหิดล,^c2559
300    ^a516 หน้า ;^bภาพประกอบ
650  2 ^aPsychiatric Nursing
650  4 ^aการพยาบาลจิตเวชศาสตร์
700 0  ^aยาใจ สิทธิมงคล,^eบรรณาธิการ
710 2  ^aมหาวิทยาลัยมหิดล.^bคณะพยาบาลศาสตร์.^bภาควิชาสุขภาพจิตและการพยาบาลจิตเวชศาสตร์
945    ^p450^l0^i25354
945    ^p450^l0^i25355
945    ^p450^l0^i25356
945    ^p450^l0^i25357
945    ^p450^l0^i25358
945    ^p450^l0^i25359
945    ^p450^l0^i25360
945    ^p450^l0^i25361
945    ^p450^l0^i25362
945    ^p450^l0^i25423
999    ^aกัณชพร จุลอักษร
รายการนี้ยังไม่มีแท็ก
คุณยังไม่ได้ล็อกอิน คุณสามารถมีกิจกรรมร่วมกับเว็บไซต์ได้ แต่ต้องล็อกอินก่อน ::
  ล็อกอิน

รายการสื่อสารสนเทศ

ลำดับที่ ประเภท เลขเรียก/บาร์โค้ด สถานที่ สถานะ
1. หนังสือสำรอง
หนังสือสำรอง
WY 160 ก492 ฉ.1 
  Barcode: 25354
ห้องสมุดวิทยาเขตนครสวรรค์
►หนังสือทั่วไป:l:General Books
บนชั้น
2. วิทยาศาสตร์การแพทย์ และสุขภาพ
วิทยาศาสตร์การแพทย์ และสุขภาพ
WY 160 ก492 ฉ.10 
  Barcode: 25362
ห้องสมุดวิทยาเขตนครสวรรค์
►หนังสือทั่วไป:l:General Books
บนชั้น
3. วิทยาศาสตร์การแพทย์ และสุขภาพ
วิทยาศาสตร์การแพทย์ และสุขภาพ
WY 160 ก492 ฉ.2 
  Barcode: 25355
ห้องสมุดวิทยาเขตนครสวรรค์
►หนังสือทั่วไป:l:General Books
บนชั้น
4. วิทยาศาสตร์การแพทย์ และสุขภาพ
วิทยาศาสตร์การแพทย์ และสุขภาพ
WY 160 ก492 ฉ.3 
  Barcode: 25356
ห้องสมุดวิทยาเขตนครสวรรค์
►หนังสือทั่วไป:l:General Books
บนชั้น
5. วิทยาศาสตร์การแพทย์ และสุขภาพ
วิทยาศาสตร์การแพทย์ และสุขภาพ
WY 160 ก492 ฉ.4 
  Barcode: 25357
ห้องสมุดวิทยาเขตนครสวรรค์
►หนังสือทั่วไป:l:General Books
บนชั้น
6. วิทยาศาสตร์การแพทย์ และสุขภาพ
วิทยาศาสตร์การแพทย์ และสุขภาพ
WY 160 ก492 ฉ.5 
  Barcode: 25358
ห้องสมุดวิทยาเขตนครสวรรค์
►หนังสือทั่วไป:l:General Books
บนชั้น
7. วิทยาศาสตร์การแพทย์ และสุขภาพ
วิทยาศาสตร์การแพทย์ และสุขภาพ
WY 160 ก492 ฉ.6 
  Barcode: 25423
ห้องสมุดวิทยาเขตนครสวรรค์
►หนังสือทั่วไป:l:General Books
บนชั้น
8. วิทยาศาสตร์การแพทย์ และสุขภาพ
วิทยาศาสตร์การแพทย์ และสุขภาพ
WY 160 ก492 ฉ.7 
  Barcode: 25359
ห้องสมุดวิทยาเขตนครสวรรค์
►หนังสือทั่วไป:l:General Books
บนชั้น
9. วิทยาศาสตร์การแพทย์ และสุขภาพ
วิทยาศาสตร์การแพทย์ และสุขภาพ
WY 160 ก492 ฉ.8 
  Barcode: 25360
ห้องสมุดวิทยาเขตนครสวรรค์
►หนังสือทั่วไป:l:General Books
บนชั้น
10. วิทยาศาสตร์การแพทย์ และสุขภาพ
วิทยาศาสตร์การแพทย์ และสุขภาพ
WY 160 ก492 ฉ.9 
  Barcode: 25361
ห้องสมุดวิทยาเขตนครสวรรค์
►หนังสือทั่วไป:l:General Books
ถูกยืม กำหนดส่งวันที่ 20 เมษายน 2568
  จอง

รายการใกล้เคียง
    หัวเรื่อง [Psychiatric Nursing]
    หัวเรื่อง [การพยาบาลจิตเวชศาสตร์]

BibComment


ยังไม่เคยถูกคอมเมนท์

คอมเมนท์ทรัพยากรรายการนี้
  คอมเมนท์: การพยาบาลจิตเวชศ..


 Copyright 2026. Bcnsprnw @Library